Oculus Games - Statistics

General Stats
  • This quiz has been taken 80 times
  • The average score is 2 of 10
Answer Stats
Hint Answer % Correct
Games Gorilla Tag
86%
Rec room
52%
Vr chat
32%
Pavlov
25%
Onward
11%
Population one
11%
Creed
7%
Gym Class
5%
FNAF vr
2%
Horizons
0%
No matching quizzes found
Score Distribution
Percent of People with Each Score
Percentile by Number Answered
Your Score History
You have not taken this quiz